| 000 | 00350nam a2200145Ia 4500 | ||
|---|---|---|---|
| 005 | 20251222154438.0 | ||
| 008 | 251222s9999||||xx |||||||||||||| ||spa|| | ||
| 020 | _a9788447353729 | ||
| 082 | _a158.1/D99 | ||
| 100 | _aDyer, Wayne W. | ||
| 245 | 0 | _aTus Zonas ErrĂ³neas | |
| 250 | _a1ra. ed. | ||
| 264 | _bRandom House Mondadori, S.A. | ||
| 942 | _cLIB | ||
| 999 |
_c36698 _d36698 |
||